Kaizen : (Record no. 2891)
[ view plain ]
| 000 -LEADER | |
|---|---|
| fixed length control field | 00501nam a22001817a 4500 |
| 001 - CONTROL NUMBER | |
| control field | 2891 |
| 003 - CONTROL NUMBER IDENTIFIER | |
| control field | BD-DhBUF |
| 005 - DATE AND TIME OF LATEST TRANSACTION | |
| control field | 20251203151213.0 |
| 008 - FIXED-LENGTH DATA ELEMENTS--GENERAL INFORMATION | |
| fixed length control field | 251203b bg ||||| |||| 00| 0 ben d |
| 020 ## - INTERNATIONAL STANDARD BOOK NUMBER | |
| International Standard Book Number | 9781529005356 |
| 040 ## - CATALOGING SOURCE | |
| Original cataloging agency | BD-DhBUF |
| Transcribing agency | BD-DhBUF |
| 100 ## - MAIN ENTRY--PERSONAL NAME | |
| Personal name | Harvey, Sarah |
| 245 ## - TITLE STATEMENT | |
| Title | Kaizen : |
| Remainder of title | the japanese method for -transforming habits, one small step at a time / |
| Statement of responsibility, etc. | Sarah Harvey, |
| 260 ## - PUBLICATION, DISTRIBUTION, ETC. | |
| Place of publication, distribution, etc. | London : |
| Name of publisher, distributor, etc. | Bluebird, |
| Date of publication, distribution, etc. | 2019 |
| 300 ## - PHYSICAL DESCRIPTION | |
| Extent | 272p. : |
| Dimensions | 21cm. ; |
| 526 ## - STUDY PROGRAM INFORMATION NOTE | |
| Program name | IE |
| 942 ## - ADDED ENTRY ELEMENTS (KOHA) | |
| Source of classification or shelving scheme | Dewey Decimal Classification |
| Koha item type | Books |
| Withdrawn status | Lost status | Source of classification or shelving scheme | Damaged status | Not for loan | Home library | Current library | Date acquired | Total Checkouts | Full call number | Barcode | Date last seen | Copy number | Price effective from | Koha item type |
|---|---|---|---|---|---|---|---|---|---|---|---|---|---|---|
| Dewey Decimal Classification | BUFT Library | BUFT Library | 12/03/2025 | 158.1 H3391k 2019 | 2025-0463 | 12/03/2025 | C-1 | 12/03/2025 | Books | |||||
| Dewey Decimal Classification | BUFT Library | BUFT Library | 12/09/2025 | 158.1 H3391k 2019 | 2025-0497 | 12/09/2025 | C-2 | 12/03/2025 | Books |
